Surviving stalking
A practical and comprehensive survival manual for victims of stalking and related crimes, Surviving Stalking offers sound, realistic and practical advice to victims and guidance through each stage of the criminal justice processes in America, Britain, and Australia.
Sparad:
| Huvudupphovsman: | |
|---|---|
| Materialtyp: | Bok |
| Språk: | Undetermined |
| Publicerad: |
Cambridge, U.K.
Cambridge University Press
2002
|
| Ämnen: | |
| Taggar: |
Lägg till en tagg
Inga taggar, Lägg till första taggen!
|
| Thư viện lưu trữ: | Trung tâm Học liệu Trường Đại học Cần Thơ |
|---|
| LEADER | 00830nam a2200205Ia 4500 | ||
|---|---|---|---|
| 001 | CTU_166589 | ||
| 008 | 210402s9999 xx 000 0 und d | ||
| 020 | |c 53 | ||
| 082 | |a 362.88 | ||
| 082 | |b P299 | ||
| 100 | |a Pathé, Michele | ||
| 245 | 0 | |a Surviving stalking | |
| 245 | 0 | |c Michele Pathé | |
| 260 | |a Cambridge, U.K. | ||
| 260 | |b Cambridge University Press | ||
| 260 | |c 2002 | ||
| 520 | |a A practical and comprehensive survival manual for victims of stalking and related crimes, Surviving Stalking offers sound, realistic and practical advice to victims and guidance through each stage of the criminal justice processes in America, Britain, and Australia. | ||
| 650 | |a Nạn rình rập,Stalking,Stalking victims,Stalkers | ||
| 904 | |i lan anh, Giang | ||
| 980 | |a Trung tâm Học liệu Trường Đại học Cần Thơ | ||